Getting Result with Microsoft Power Point for Window 95 (Record no. 298455)
[ view plain ]
| 000 -LEADER | |
|---|---|
| fixed length control field | 00272 a2200109 4500 |
| 001 - CONTROL NUMBER | |
| control field | 63382 |
| 082 ## - DEWEY DECIMAL CLASSIFICATION NUMBER | |
| Classification number | 005.369 MIC |
| 090 ## - LOCALLY ASSIGNED LC-TYPE CALL NUMBER (OCLC); LOCAL CALL NUMBER (RLIN) | |
| -- | 37433 |
| -- | 37433 |
| 100 ## - MAIN ENTRY--PERSONAL NAME | |
| Personal name | Microsoft |
| 245 ## - TITLE STATEMENT | |
| Title | Getting Result with Microsoft Power Point for Window 95 |
| Medium | English |
| 260 ## - PUBLICATION, DISTRIBUTION, ETC. | |
| Name of publisher, distributor, etc. | Microsoft |
| 942 ## - ADDED ENTRY ELEMENTS (KOHA) | |
| Institution code [OBSOLETE] | CAE NUST |
| Call number prefix | 005.369 MIC |
| Withdrawn status | Lost status | Damaged status | Not for loan | Collection code | Permanent Location | Current Location | Date acquired | Total Checkouts | Full call number | Barcode | Date last seen | Price effective from | Koha item type |
|---|---|---|---|---|---|---|---|---|---|---|---|---|---|
| College of Aeronautical Engineering (CAE) | College of Aeronautical Engineering (CAE) | 04/03/2017 | 005.369 MIC | CAEG-5509 | 04/05/2017 | 04/05/2017 | Book |
